Biblioteka Instytutu Północnego w Olsztynie

Pro memoria. (Rekord nr 27616)

Szczegóły MARC
000 -Nagłówek
fixed length control field 04084cam a2200793 i 4500
001 - Nr kontrolny bibl., która utworzyła rek.
control field xx004690274
003 - Siglum bibl., której nr kontr. jest w 001
control field NUKAT
005 - Data i czas ostatniej operacji
control field 20260416132546.0
008 - Elementy pola stałej długości
fixed length control field 190830s2019 pl a |001 0dpol c
020 ## - ISBN
ISBN 9788380982673
dopowiedzenie (oprawa twarda ; seria)
020 ## - ISBN
ISBN 9788380986435
dopowiedzenie (oprawa twarda ;
-- IPN) :
warunki dostępności zł 35,00
020 ## - ISBN
ISBN 9788380905566
dopowiedzenie (oprawa twarda ;
-- Wydawnictwo Naukowe UKSW) :
warunki dostępności zł 35,00
035 ## - Systemowy numer kontrolny
systemowy numer kontrolny (OCoLC)1413544643
035 ## - Systemowy numer kontrolny
systemowy numer kontrolny (NUKAT)xx004690274
040 ## - Instytucja sporządzająca opis
Instytucja, która sporządziła opis KAT U/DL
język katalgowania-trzyzn. kod pol
zasady opisu rda
Instytucja, która sporządziła rekord KAT U/DLs
Instytucja, która zmodyfikowała rekord KR 283/MW
-- KAT U/AF
-- OLSZT 008/bak
045 0# - Okres czasu dla zawartości
czas między r. 9999 pne a nasz. czas. d1960
046 ## - Kod rodz. daty, data1, data2 (daty pne)
Begin/single date 2019
Single or starting date for aggregated content 1960
100 0# - Hasło główne-nazwa osobowa
Nazwa osobowa Stefan Wyszyński
Dopowiedzenie inne niż daty biograficzne (błogosławiony ;
Daty biograficzne 1901-1981).
rodzaj współpracy Autor
9 (RLIN) 13034
245 10 - Tytuł właściwy i oznaczenie odpow.
tytuł Pro memoria.
numer części/sekcji pracy T. 7,
tytuł części/sekcji pracy 1960 /
dod. inf. ze s. tyt./ozn. odpow. Stefan Wyszyński ; redaktor naukowy tomu Rafał Łatka.
260 ## - Adres wydawniczy
miejsce wydania, dystrybucji itp. Gniezno :
nazwa wydawcy, dystrybutora itp. Archidiecezja Gnieźnieńska ;
miejsce wydania, dystrybucji itp. Warszawa :
nazwa wydawcy, dystrybutora itp. Archidiecezja Warszawska :
-- Instytut Pamięci Narodowej - Komisja Ścigania Zbrodni przeciwko Narodowi Polskiemu :
-- Uniwersytet Kardynała Stefana Wyszyńskiego,
data wydania, dystrybucji itp. © 2019.
300 ## - Opis fizyczny
objętość i/lub forma materiału XII, [2], 310, [2] strony :
inne szczegóły opisu fizycznego ilustracje ;
format 25 cm.
336 ## - Content Type
Term Tekst
Code txt
Source rdacontent
337 ## - Media Type
Term Bez urządzenia pośredniczącego
Code n
Source rdamedia
338 ## - Carrier Type
Term Wolumin
Code nc
Source rdacarrier
380 ## - Form of work
Form of work Książki
380 ## - Form of work
Form of work Publikacje naukowe
380 ## - Form of work
Form of work Literatura faktu, eseje, publicystyka
388 1# - TIME PERIOD OF CREATION
Time period of creation term 1901-2000
388 1# - TIME PERIOD OF CREATION
Time period of creation term 1945-1989
388 1# - TIME PERIOD OF CREATION
Time period of creation term 2001-
490 1# - Tytuł serii i ks. wielotom.-nie do wysz.
oznaczenie serii Kościół Katolicki w Dokumentach
490 1# - Tytuł serii i ks. wielotom.-nie do wysz.
oznaczenie serii Centralny Projekt Badawczy IPN - Władze Komunistyczne wobec Kościołów i Związków Wyznaniowych w Polsce 1944-1989
500 ## - Uwaga ogólna
uwaga ogólna Adres wydawniczy na podstawie formuły copyrightu ze strony redakcyjnej.
504 ## - Uwaga o bibliografii
uwaga o bibliografii Indeks.
536 ## - Uwaga o finansowaniu dokumentu
tekst uwagi Publikacja powstała w ramach Centralnego Projektu Badawczego Instytutu Pamięci Narodowej "Władze komunistyczne wobec Kościołów i związków wyznaniowych w Polsce 1944-1989"
536 ## - Uwaga o finansowaniu dokumentu
tekst uwagi Publikacja finansowana w ramach programu Ministra Nauki i Szkolnictwa Wyższego pod nazwą "Pomniki polskiej myśli filozoficznej, teologicznej i społecznej XX i XXI wieku" w latach 2016-2021
numer projektu, zadania, części pracy 0013/FIL/2016/20
600 07 - Hasło przedmiotowe-nazwa osobowa
nazwa osobowa Stefan Wyszyński
tyt., in. dopowiedz. dot. nazwy (błogosławiony ;
daty biograficzne 1901-1981)
określnik formy dzienniki intymne.
źródło hasła kaba
9 (RLIN) 16508
600 07 - Hasło przedmiotowe-nazwa osobowa
nazwa osobowa Stefan Wyszyński
tyt., in. dopowiedz. dot. nazwy (błogosławiony ;
daty biograficzne 1901-1981)
źródło hasła DBN
9 (RLIN) 39675
610 27 - Hasło przedmiotowe-nazwa ciała zbior.
nazwa ciała zbior. lub geogr. Kościół katolicki
źródło hasła DBN
9 (RLIN) 37102
648 #7 - SUBJECT ADDED ENTRY--CHRONOLOGICAL TERM
Chronological term 1901-2000
Source of heading or term DBN
9 (RLIN) 34996
648 #7 - SUBJECT ADDED ENTRY--CHRONOLOGICAL TERM
Chronological term 1945-1989
Source of heading or term DBN
9 (RLIN) 36043
650 #7 - Hasło przedmiotowe-nazwa pospolita
nazwa pospolita lub geogr. Duchowieństwo katolickie
źródło hasła DBN
9 (RLIN) 35375
650 #7 - Hasło przedmiotowe-nazwa pospolita
nazwa pospolita lub geogr. Duszpasterstwo
źródło hasła DBN
9 (RLIN) 37456
650 #7 - Hasło przedmiotowe-nazwa pospolita
nazwa pospolita lub geogr. Katolicyzm
źródło hasła DBN
9 (RLIN) 35191
650 #7 - Hasło przedmiotowe-nazwa pospolita
nazwa pospolita lub geogr. Kościół a państwo
źródło hasła DBN
9 (RLIN) 35883
650 #7 - Hasło przedmiotowe-nazwa pospolita
nazwa pospolita lub geogr. Polityka wyznaniowa
źródło hasła DBN
9 (RLIN) 37432
650 #7 - Hasło przedmiotowe-nazwa pospolita
nazwa pospolita lub geogr. PRL
źródło hasła DBN
9 (RLIN) 35084
650 #7 - Hasło przedmiotowe-nazwa pospolita
nazwa pospolita lub geogr. Prymasi
źródło hasła DBN
9 (RLIN) 35376
651 #7 - Hasło przedmiotowe-nazwa geogr.
nazwa geograficzna Polska
źródło hasła DBN
9 (RLIN) 35076
651 #7 - Hasło przedmiotowe-nazwa geogr.
nazwa geograficzna Watykan
źródło hasła DBN
9 (RLIN) 39441
655 #7 - Termin określający rodzaj/formę
rodzaj/forma Dzienniki
źródło terminu DBN
9 (RLIN) 34951
655 #7 - Termin określający rodzaj/formę
rodzaj/forma Edycja krytyczna
źródło terminu DBN
9 (RLIN) 35006
655 #7 - Termin określający rodzaj/formę
rodzaj/forma Wydawnictwo źródłowe
źródło terminu DBN
9 (RLIN) 35066
658 ## - Nazwa określająca cel programu nauczania
główny cel programu nauczania Religia i duchowość
658 ## - Nazwa określająca cel programu nauczania
główny cel programu nauczania Polityka, politologia, administracja publiczna
658 ## - Nazwa określająca cel programu nauczania
główny cel programu nauczania Historia
700 1# - Hasło dodatkowe - nazwa osobowa
nazwa osobowa Łatka, Rafał
daty biograficzne (1985- ).
rodzaj współpracy Redakcja
9 (RLIN) 15865
710 2# - Hasło dodatkowe - nazwa ciała zbior.
nazwa ciała zbior. lub nazwa geogr. Ecclesia Catholica.
nazwa jednostki podrzędnej Archidiecezja Gnieźnieńska.
rodzaj współpracy Wydawca
kod rodzaju współpracy pbl
9 (RLIN) 16408
710 2# - Hasło dodatkowe - nazwa ciała zbior.
nazwa ciała zbior. lub nazwa geogr. Ecclesia Catholica.
nazwa jednostki podrzędnej Archidiecezja Warszawska.
rodzaj współpracy Wydawca
kod rodzaju współpracy pbl
9 (RLIN) 16409
710 2# - Hasło dodatkowe - nazwa ciała zbior.
nazwa ciała zbior. lub nazwa geogr. Instytut Pamięci Narodowej - Komisja Ścigania Zbrodni przeciwko Narodowi Polskiemu.
rodzaj współpracy Instytucja sprawcza
9 (RLIN) 11792
710 2# - Hasło dodatkowe - nazwa ciała zbior.
nazwa ciała zbior. lub nazwa geogr. Instytut Pamięci Narodowej - Komisja Ścigania Zbrodni przeciwko Narodowi Polskiemu.
nazwa jednostki podrzędnej Wydawnictwo.
rodzaj współpracy Wydawca
kod rodzaju współpracy pbl
9 (RLIN) 18358
710 2# - Hasło dodatkowe - nazwa ciała zbior.
nazwa ciała zbior. lub nazwa geogr. Uniwersytet Kardynała Stefana Wyszyńskiego (Warszawa).
nazwa jednostki podrzędnej Wydawnictwo.
rodzaj współpracy Wydawca
kod rodzaju współpracy pbl
9 (RLIN) 18588
830 #0 - Hasło dod. serii i op. ks. wielotom. -tyt
tytuł Kościół Katolicki w Dokumentach
9 (RLIN) 14502
830 #0 - Hasło dod. serii i op. ks. wielotom. -tyt
tytuł Władze Komunistyczne wobec Kościołów i Związków Wyznaniowych w Polsce 1944-1989
9 (RLIN) 18363
920 ## - ISBN
ISBN 978-83-8098-267-3 (oprawa twarda ; seria)
920 ## - ISBN
ISBN 978-83-8098-643-5 (oprawa twarda ; IPN) : zł 35,00
920 ## - ISBN
ISBN 978-83-8090-556-6 (oprawa twarda ; Wydawnictwo Naukowe UKSW) : zł 35,00
942 ## - ADDED ENTRY ELEMENTS (KOHA)
Source of classification or shelving scheme Dewey Decimal Classification
Koha item type pozycje dostępne na miejscu
Egzemplarze
Status wycofania Status zagubienia Klasyfikacja Status uszkodzenia Blokada wypożyczeń Kolekcja Lokalizacja macierzysta Lokalizacja bieżąca Data nabycia Numer akcesji Źródło akcesji Cena Nr inwentarzowy il. wypożyczeń Sygnatura Kod kreskowy Date last seen Price effective from Typ egz.
    Dewey Decimal Classification nieuszkodzona   książka w magazynie Biblioteka Instytutu Północnego w Olsztynie Biblioteka Instytutu Północnego w Olsztynie 15/11/2019 D-38/2019 dar 35.00 59910   59910 IPWK21609 16/04/2026 16/04/2026 pozycje dostępne na miejscu
Biblioteka Instytutu Północnego, ul. Partyzantów 87, 10-402 Olsztyn, email: biblioteka(at)ip.olsztyn.pl